000 00646nam a2200277Ia 4500
005 20260324133840.0
008 008 260324s9999 xx 000 0 eng d
020 _a9781315188355
037 _aEBOOK
040 _aCRL
040 _beng
040 _cCRL
041 _2eng
041 _aeng
084 _qCRL
100 _aYoung-Chan Kim
245 0 _aJapanese Inward Investment in UK Car Manufacturing
260 _bTaylor and Francis
260 _c2002
365 _a
365 _b62.99
856 _uhttp://www.taylorfrancis.com/books/9781315188355
942 _cEBOOK
999 _c1794095
_d1794095